Reichskanzler Weimarer Republik - Statistiken

Allgemein
  • Dieses Quiz wurde 128 mal gespielt
  • Das Durchschnittsergebnis liegt bei 12 aus 21
Antwortstatistiken
Zeitraum Partei Reichskanzler % Korrekt
20 1. Juni 1932 bis 17. November 1932 Zentrum (später parteilos) Franz von Papen
83%
1 10. November 1918 bis 11. Februar 1919 SPD Friedrich Ebert
83%
21 3. Dezember 1932 bis 28. Januar 1933 parteilos Kurt von Schleicher
75%
9 13. August 1923 bis 3. Oktober 1923 DVP Gustav Stresemann
71%
10 6. Oktober 1923 bis 23. November 1923 DVP Gustav Stresemann
71%
18 30. März 1930 bis 7. Oktober 1931 Zentrum Heinrich Brüning
68%
19 9. Oktober 1931 bis 30. Mai 1932 Zentrum Heinrich Brüning
68%
2 13. Februar 1919 bis 20. Juni 1919 SPD Philipp Scheidemann
68%
4 27. März 1920 bis 21. Juni 1920 SPD Hermann Müller
57%
17 28. Juni 1928 bis 27. März 1930 SPD Hermann Müller
57%
11 30. November 1923 bis 26. Mai 1924 Zentrum Wilhelm Marx
55%
12 3. Juni 1924 bis 15. Januar 1925 Zentrum Wilhelm Marx
55%
15 17. Mai 1926 bis 17. Dezember 1926 Zentrum Wilhelm Marx
55%
16 19. Januar 1927 bis 12. Juni 1928 Zentrum Wilhelm Marx
55%
8 22. November 1922 bis 12. August 1923 parteilos Wilhelm Cuno
45%
13 15. Januar 1925 bis 5. Dezember 1925 parteilos Hans Luther
42%
14 20. Januar 1926 bis 12. Mai 1926 parteilos Hans Luther
42%
5 25. Juni 1920 bis 4. Mai 1921 Zentrum Constantin Fehrenbach
40%
6 10. Mai 1921 bis 22. Oktober 1921 Zentrum Joseph Wirth
40%
7 26. Oktober 1921 bis 14. November 1922 Zentrum Joseph Wirth
40%
3 21. Juni 1919 bis 26. März 1920 SPD Gustav Bauer
35%
Keine übereinstimmenden Quizze gefunden
Verteilung der Resultate
Anzahl Personen mit jedem Resultat
Perzentil nach korrekt beantworteten Fragen
Ihre Resultats-Entwicklung
Sie haben dieses Quiz noch nicht gespielt